| 000 | 01058nam a2200229Ia 4500 | ||
|---|---|---|---|
| 003 | Ost | ||
| 005 | 20260507075653.0 | ||
| 008 | 260507s9999||||xx |||||||||||||| ||und|| | ||
| 020 | _a4759215977 | ||
| 040 | _cfsecg | ||
| 041 | _aara | ||
| 082 | _a330.121 | ||
| 100 |
_aالأشوح، زينب صالح _eمؤلف |
||
| 245 | 0 |
_aالدليل الشامل الى : _bالإقتصاد الإسلامي بين البحث والنظرية والتطبيق / _c زينب صالح الأشوح |
|
| 260 |
_aالقاهرة: _bدار غريب للنشر والتوزيع, _c2004 |
||
| 300 |
_a534 صفحة؛ _bإيضاحات ؛ _c25 سم |
||
| 504 | _aالمراجع ص. 528 | ||
| 520 | _aتعريف الإقتصاد الاسلامي وخصائصه وكيفية البحث فيه- بعض خصائص الإقتصاد الإسلامي والدلائل النظرية على فعاليته- كيفية البحث في مجال الإقتصاد الإسلامي. | ||
| 653 | _aالإقتصاد الاسلامي | ||
| 653 | _aالنظريات | ||
| 942 | _cكتاب | ||
| 999 |
_c45641 _d45641 |
||